Swansea City Squad 2024-2025 - Statistics

General Stats
  • This quiz has been taken 33 times
  • The average score is 20 of 30
Answer Stats
# Position Nation Player % Correct
10 FW South Korea Ji-sung Eom
93%
35 FW Brazil Ronald
93%
5 DF Wales Ben Cabango
90%
9 FW Slovenia Žan Vipotnik
90%
20 FW Wales Liam Cullen
86%
17 MF Portugal Gonçalo Franco
83%
4 MF Scotland Jay Fulton
83%
6 DF England Harry Darling
79%
7 MF Wales Joe Allen
79%
2 DF England Josh Key
79%
22 GK Chile Lawrence Vigouroux
79%
14 DF England Josh Tymon
76%
8 MF England Matt Grimes
76%
- Coach Ireland Alan Sheehan
72%
19 FW France Florian Bianchini
69%
8 MF England Lewis O'Brien
66%
- Coach England Luke Williams
66%
28 DF Belgium Hannes Delcroix
62%
31 MF Wales Oliver Cooper
62%
3 DF Denmark Kristian Pedersen
59%
26 DF England Kyle Naughton
59%
41 DF Wales Sam Parker
59%
23 DF Ireland Cyrus Christie
48%
11 FW England Josh Ginnelly
48%
33 GK Scotland Jon McLaughlin
45%
21 DF Indonesia Nathan Tjoe-A-On
45%
47 MF Scotland Azeem Abdulai
38%
25 FW Jamaica Myles Peart-Harris
24%
29 GK England Nathan Broome
24%
32 DF England Nelson Abbey
21%
No matching quizzes found
Score Distribution
Percent of People with Each Score
Percentile by Number Answered
Your Score History
You have not taken this quiz